Pays qui sont des monarchies - mort subite - Statistiques

Statistiques générales
  • Ce quiz a été pris 706 fois
  • Le résultat moyen est 8 sur 16
Answers on the Grid
Answers color-coded by a green-red scale on the quiz's grid according to % correct below.
Algérie
Arabie Saoudite
Argentine
Australie
Belgique
Bhoutan
Bolivie
Bostwana
Cambodge
Chili
Danemark
Espagne
Eswatini
Finlande
Grèce
Indonésie
Irlande
Italie
Japon
Kenya
Lituanie
Luxembourg
Maroc
Népal
Norvège
Ouganda
Pays-Bas
Pologne
Portugal
Suède
Thaïlande
Tonga
 
Statistiques - réponses
Réponse % Correct
Belgique
79%
Espagne
78%
Arabie Saoudite
76%
Danemark
63%
Maroc
58%
Suède
55%
Norvège
49%
Pays-Bas
47%
Luxembourg
43%
Japon
42%
Thaïlande
41%
Bhoutan
33%
Cambodge
32%
Australie
29%
Eswatini
25%
Tonga
16%
Aucun quiz correspondant
Distribution des résultats
% des personnes avec chaque résultat
Percentile par nombre de réponses
Votre historique - résultats
Vous n’avez pas pris ce quiz